000 00621nam a2200217Ia 4500
001 14142
003 AR-BaAGN
005 20231116141457.0
007 ta
008 211213s1903 ag |||||||||||||| ||spa d
040 _dAR-BaAGN
_aAR-BaAGN
_bspa
_eaacr
100 1 _aPlaza, Victorino de la,
_d1840-1919
_94492
245 1 0 _aEstudio sobre la situación política, económica y constitucional de la República Argentina
260 _aBuenos Aires :
_bJ. Peuser,
_c1903.
300 _a269 páginas
336 _2rdacontent
_btxt
337 _2rdamedia
_bn
338 _2rdacarrier
_bnc
942 _cLIBRO
999 _c14142
_d14142